00873nam a2200253Ia 450000500170000000800410001702000180005810000310007624500570010725000180016430000480018249000180023050000550024865000490030365000490035265000380040170000190043926400270045833600270048533700330051233800280054504000350057308400110060820220317001317.0161108s2000 ve a g 000 0 spa  a97898025730591 aSkármeta, Antoniod1940-13aLa composicióncAntonio Skármeta ; Alfonso Ruano a6a. edición a36 páginasbilustraciones en colorc21 cm aAsí vivimos aIncluye datos biográficos del autor e ilustrador142LEMBaCuentos infantiles chilenos ySiglo XX142LEMBaLiteratura infantil chilena ySiglo XX142LEMBaDictadura en la literatura 1 aRuano, Alfonso aCaracasbEkaréc2000 atextobtxt2rdacontent asin mediaciónbn2rdamedia avolumenbnc2rdacarrier aCO-BoRNBPbspaerdacCO-BoRNBP aC SKA1